[Event "AUTO-OPEN-3456"]
[Site "http://www.queenalice.com/game.php?id=1349397"]
[Date "2015.3.23"]
[Round "1"]
[White "Lindomar"]
[Black "R_Jacubowski"]
[Result "1-0"]
[WhiteElo "2294"]
[BlackElo "1500"]

1. d4 d5 2. c4 c6 3. Nc3 Nf6 4. e3 g6 5. Nf3 Bg7 6. Bd3 O-O 7. O-O a6 8. cxd5
cxd5 9. Re1 Nc6 10. a3 b5 11. b4 e6 12. Bb2 Qc7 13. Ne2 Bh6 14. Qd2 Ng4 15. Nc1
e5 16. dxe5 Ncxe5 17. Nxe5 Nxe5 18. Nb3 Be6 19. Rac1 Nc4 20. Qc3 f6 21. Bxc4
bxc4 22. Nc5 Bf5 23. Red1 Rfd8 24. Qxf6 a5 25. Qh8+ Kf7 26. Qxh7+ 1-0

[Event "AUTO-OPEN-3456"]
[Site "http://www.queenalice.com/game.php?id=1349398"]
[Date "2015.3.23"]
[Round "1"]
[White "R_Jacubowski"]
[Black "Lindomar"]
[Result "0-1"]
[WhiteElo "1613"]
[BlackElo "2284"]

1. d4 Nf6 2. f3 d5 3. Nc3 e6 4. Bf4 c6 5. e4 dxe4 6. fxe4 Bb4 7. Ne2 Nbd7 8. Qd3
Qa5 9. O-O-O b5 10. d5 cxd5 11. a3 Bxc3 12. Nxc3 b4 13. Nb5 O-O 14. Bd6 dxe4 15.
Qg3 bxa3 16. Bxa3 Ba6 17. Bxf8 Nxf8 18. Nc7 Qa1+ 19. Kd2 Rd8+ 20. Bd3 Qa5+ 21.
Kc1 exd3 22. cxd3 Rc8 23. Kb1 Qxc7 24. Qe3 Qc2+ 25. Ka2 Rb8 26. Rb1 Qa4# 0-1

[Event "AUTO-OPEN-3456"]
[Site "http://www.queenalice.com/game.php?id=1349422"]
[Date "2015.3.23"]
[Round "1"]
[White "R_Jacubowski"]
[Black "Boeing"]
[Result "0-1"]
[WhiteElo "1495"]
[BlackElo "1797"]

1. d4 d5 2. c4 dxc4 3. e4 b5 4. Nf3 Bg4 5. Be2 Bxf3 6. Bxf3 a5 7. Nc3 c6 8. d5
b4 9. Na4 e5 10. Be3 c3 11. bxc3 Nf6 12. cxb4 Bxb4+ 13. Bd2 cxd5 14. Bxb4 axb4
15. exd5 e4 16. Be2 O-O 17. Bc4 Qa5 18. Bb3 Rd8 19. d6 Ra6 20. O-O Raxd6 21. Qc2
Nc6 22. Nc5 Nd4 23. Qc4 Nxb3 24. axb3 Qc7 25. Qxb4 Rd4 0-1

[Event "AUTO-OPEN-3456"]
[Site "http://www.queenalice.com/game.php?id=1349435"]
[Date "2015.3.23"]
[Round "1"]
[White "Bennedyttas"]
[Black "R_Jacubowski"]
[Result "1-0"]
[WhiteElo "1394"]
[BlackElo "1449"]

1. d4 d5 2. Nf3 c5 3. dxc5 Nc6 4. Nc3 d4 5. Ne4 e5 6. e3 Qd5 7. Bd3 Bf5 8. Nfd2
Bxc5 9. O-O dxe3 10. Nc3 Qe6 11. fxe3 Bxe3+ 12. Kh1 Nf6 13. a4 e4 14. Be2 Bg4
15. Nb5 O-O-O 16. Qe1 1-0

[Event "AUTO-OPEN-3456"]
[Site "http://www.queenalice.com/game.php?id=1349436"]
[Date "2015.3.23"]
[Round "1"]
[White "R_Jacubowski"]
[Black "Bennedyttas"]
[Result "0-1"]
[WhiteElo "1424"]
[BlackElo "1412"]

1. d4 Nf6 2. c4 Ne4 3. Nh3 d6 4. f3 Bxh3 5. gxh3 Nf6 6. e4 e6 7. Nc3 Be7 8. Bg5
h6 9. Bxf6 Bxf6 10. Rg1 O-O 11. Qd2 Nc6 12. O-O-O Bxd4 13. Rg2 a5 14. Qxh6 Qf6
15. Qh5 Nb4 0-1

[Event "Challenge"]
[Site "http://www.queenalice.com/game.php?id=1350002"]
[Date "2015.3.26"]
[Round "-"]
[White "R_Jacubowski"]
[Black "ledeon"]
[Result "0-1"]
[WhiteElo "1464"]
[BlackElo "1686"]

1. d4 d5 2. c4 e6 3. Nc3 Be7 4. Nf3 Nf6 5. e3 O-O 6. Be2 a5 7. O-O b6 8. Bd3 Ba6
9. Ng5 dxc4 10. Bc2 b5 11. Qf3 Nbd7 12. b3 cxb3 13. axb3 b4 14. Nce4 Bxf1 15.
Kxf1 Nxe4 16. Nxe4 Nf6 17. Bb2 Nxe4 18. Bxe4 Ra6 0-1

[Event "AUTO-INT-2985"]
[Site "http://www.queenalice.com/game.php?id=1353782"]
[Date "2015.4.16"]
[Round "1"]
[White "tango2011"]
[Black "R_Jacubowski"]
[Result "1-0"]
[WhiteElo "1623"]
[BlackElo "1613"]

1. g3 d5 2. d4 c5 3. b3 cxd4 4. Qxd4 Nc6 5. Qd2 e5 6. Nf3 g6 7. Bb2 d4 8. Ba3
Bh6 9. Qd1 Bg4 10. Bg2 Nf6 11. O-O 1-0

[Event "AUTO-INT-2985"]
[Site "http://www.queenalice.com/game.php?id=1353783"]
[Date "2015.4.16"]
[Round "1"]
[White "R_Jacubowski"]
[Black "tango2011"]
[Result "0-1"]
[WhiteElo "1535"]
[BlackElo "1589"]

1. d4 d5 2. c4 dxc4 3. Nc3 e6 4. e4 Bb4 5. Qa4+ Nc6 6. Bxc4 Bxc3+ 7. bxc3 Bd7 8.
Ba3 Nxd4 9. Qb4 Nc2+ 10. Kd2 Nxb4 11. Bxb4 Bb5+ 0-1

[Event "AUTO-INT-2985"]
[Site "http://www.queenalice.com/game.php?id=1353794"]
[Date "2015.4.16"]
[Round "1"]
[White "BlackKnight72"]
[Black "R_Jacubowski"]
[Result "1-0"]
[WhiteElo "1790"]
[BlackElo "1453"]

1. d4 d5 2. Nf3 c5 3. dxc5 Nc6 4. a3 e5 5. b4 h6 6. Bb2 d4 7. e3 Bg4 8. Be2 Nf6
9. exd4 Bxf3 10. Bxf3 e4 11. Be2 Be7 12. Nd2 O-O 13. O-O Nxd4 14. Bxd4 Qxd4 15.
Nb3 1-0

[Event "AUTO-INT-2985"]
[Site "http://www.queenalice.com/game.php?id=1353802"]
[Date "2015.4.16"]
[Round "1"]
[White "R_Jacubowski"]
[Black "mp3"]
[Result "0-1"]
[WhiteElo "1488"]
[BlackElo "1648"]

1. e4 e5 2. Nc3 Bb4 3. Na4 Nf6 4. c3 Be7 5. d4 exd4 6. cxd4 Nxe4 7. Qf3 Nf6 8.
Bc4 a6 9. Nc3 O-O 10. Nge2 Re8 11. O-O Bb4 12. Bg5 Bxc3 13. bxc3 Qe7 0-1

[Event "AUTO-OPEN-3468"]
[Site "http://www.queenalice.com/game.php?id=1353844"]
[Date "2015.4.16"]
[Round "1"]
[White "R_Jacubowski"]
[Black "Bategoll"]
[Result "0-1"]
[WhiteElo "1500"]
[BlackElo "1839"]

1. e4 d5 2. e5 Nc6 3. d4 e6 4. Nf3 h5 5. Bb5 Bd7 6. a3 Nh6 7. Ng5 Nf5 8. c4
Ncxd4 9. Bxd7+ Qxd7 10. Nc3 Bc5 11. O-O O-O-O 12. Na4 Bb6 13. c5 Bxc5 14. Nxc5
Qc6 15. Nxf7 Qxc5 16. Nxd8 Rxd8 17. Bg5 Re8 18. b4 Qc6 19. Rc1 Qb5 20. Rc5 Qa6
21. Qxh5 Rf8 22. Ra1 Nb3 23. Qh7 Nxa1 24. Be7 Qd3 25. h3 Qd1+ 26. Kh2 Nxe7 27.
Qxg7 Re8 28. Qf7 Kd8 29. Qxe6 Qd4 30. Ra5 Qf4+ 31. g3 Qxf2+ 32. Kh1 Qf3+ 33. Kh2
Nf5 34. Qf6+ Kc8 35. Rxa7 Qf2+ 36. Kh1 Nxg3# 0-1

[Event "AUTO-OPEN-3468"]
[Site "http://www.queenalice.com/game.php?id=1353845"]
[Date "2015.4.16"]
[Round "1"]
[White "Bategoll"]
[Black "R_Jacubowski"]
[Result "1-0"]
[WhiteElo "1775"]
[BlackElo "1470"]

1. d4 d5 2. Nf3 c5 3. e3 a6 4. dxc5 Bg4 5. Be2 Nf6 6. O-O Nc6 7. Nc3 e5 8. a3
Bxc5 9. Bd2 d4 10. exd4 exd4 11. Na2 Bxf3 12. Bxf3 Ne5 13. Bxb7 Rb8 14. Bxa6
Rxb2 15. a4 O-O 16. Bb5 d3 17. cxd3 Nxd3 18. Be3 Qc7 19. Qxd3 Ng4 20. g3 Bxe3
21. fxe3 Nxh2 22. e4 Nxf1 23. Kxf1 Rd8 24. Qc3 Qxc3 25. Nxc3 Rb3 26. Nd5 Rxg3
27. Kf2 Rh3 28. a5 Rc8 29. Ne7+ Kf8 30. Nxc8 g5 31. a6 g4 32. a7 g3+ 33. Kg2 1-0